MARC details
| 000 -LEADER |
| fixed length control field |
01933pam a2200457 a 4500 |
| 001 - CONTROL NUMBER |
| control field |
24429087 |
| 003 - CONTROL NUMBER IDENTIFIER |
| control field |
OCoLC |
| 005 - DATE AND TIME OF LATEST TRANSACTION |
| control field |
20250118114714.0 |
| 008 - FIXED-LENGTH DATA ELEMENTS--GENERAL INFORMATION |
| fixed length control field |
910820s1992 nyua j 000 1 spa |
| 010 ## - LIBRARY OF CONGRESS CONTROL NUMBER |
| LC control number |
91028582 /AC |
| 020 ## - INTERNATIONAL STANDARD BOOK NUMBER |
| International Standard Book Number |
0060205695 |
| Qualifying information |
library binding |
| 020 ## - INTERNATIONAL STANDARD BOOK NUMBER |
| International Standard Book Number |
0060205490 : |
| Terms of availability |
$15.00 ($20.00 Can.) |
| 020 ## - INTERNATIONAL STANDARD BOOK NUMBER |
| International Standard Book Number |
0064433013 |
| Qualifying information |
paperback |
| 035 ## - SYSTEM CONTROL NUMBER |
| Canceled/invalid control number |
sbr93083936 |
| 040 ## - CATALOGING SOURCE |
| Original cataloging agency |
DLC |
| Language of cataloging |
eng |
| Transcribing agency |
DLC |
| Modifying agency |
JBO |
| -- |
CHE |
| -- |
COG |
| 041 1# - LANGUAGE CODE |
| Language code of text/sound track or separate title |
spa |
| Language code of original |
eng |
| 050 00 - LIBRARY OF CONGRESS CALL NUMBER |
| Classification number |
PZ73 |
| Item number |
.C368 1992 |
| 082 00 - DEWEY DECIMAL CLASSIFICATION NUMBER |
| Classification number |
[E] |
| Edition number |
20 |
| 092 ## - LOCALLY ASSIGNED DEWEY CALL NUMBER (OCLC) |
| Classification number |
E |
| Item number |
CAR |
| 099 ## - LOCAL FREE-TEXT CALL NUMBER (OCLC) |
| Classification number |
j468 |
| -- |
C278g |
| 100 1# - MAIN ENTRY--PERSONAL NAME |
| Personal name |
Carle, Eric. |
| Authority record control number |
http://id.loc.gov/authorities/names/n80039691. |
| 240 10 - UNIFORM TITLE |
| Uniform title |
<a href="Grouchy ladybug.">Grouchy ladybug.</a> |
| Language of a work |
Spanish |
| Authority record control number |
http://id.loc.gov/authorities/names/n91083629. |
| 245 13 - TITLE STATEMENT |
| Title |
La mariquita malhumorada / |
| Statement of responsibility, etc. |
Eric Carle ; [translator, Simon Saad-L'Hoeste]. |
| 250 ## - EDITION STATEMENT |
| Edition statement |
1st ed. |
| 263 ## - PROJECTED PUBLICATION DATE |
| Projected publication date |
9205. |
| 264 #1 - PRODUCTION, PUBLICATION, DISTRIBUTION, MANUFACTURE, AND COPYRIGHT NOTICE |
| Place of production, publication, distribution, manufacture |
New York : |
| Name of producer, publisher, distributor, manufacturer |
HarperCollins, |
| Date of production, publication, distribution, manufacture, or copyright notice |
[1992] |
| 300 ## - PHYSICAL DESCRIPTION |
| Extent |
1 volume (unpaged) : |
| Other physical details |
color illustrations ; |
| Dimensions |
22 cm. |
| 336 ## - CONTENT TYPE |
| Content type term |
text |
| Content type code |
txt |
| Source |
rdacontent. |
| 337 ## - MEDIA TYPE |
| Media type term |
unmediated |
| Media type code |
n |
| Source |
rdamedia. |
| 338 ## - CARRIER TYPE |
| Carrier type term |
volume |
| Carrier type code |
nc |
| Source |
rdacarrier. |
| 385 ## - AUDIENCE CHARACTERISTICS |
| Demographic group code |
age |
| Audience term |
Children |
| Source |
lcdgt. |
| 500 ## - GENERAL NOTE |
| General note |
Translation of: The grouchy ladybug. |
| 520 ## - SUMMARY, ETC. |
| Summary, etc. |
A grouchy ladybug who is looking for a fight challenges everyone she meets regardless of their size or strength. Text in Spanish. |
| 650 #0 - SUBJECT ADDED ENTRY--TOPICAL TERM |
| Topical term or geographic name as entry element |
Ladybugs |
| Authority record control number |
http://id.loc.gov/authorities/subjects/sh85073911 |
| Form subdivision |
Juvenile fiction. |
| Authority record control number |
http://id.loc.gov/authorities/subjects/sh99001687. |
| 650 #0 - SUBJECT ADDED ENTRY--TOPICAL TERM |
| Topical term or geographic name as entry element |
Toy and movable books |
| Form subdivision |
Specimens. |
| Authority record control number |
http://id.loc.gov/authorities/subjects/sh2008112783. |
| 650 #0 - SUBJECT ADDED ENTRY--TOPICAL TERM |
| Topical term or geographic name as entry element |
Spanish language materials |
| Form subdivision |
Juvenile fiction. |
| 650 #0 - SUBJECT ADDED ENTRY--TOPICAL TERM |
| Topical term or geographic name as entry element |
Toy and movable books |
| Authority record control number |
http://id.loc.gov/authorities/subjects/sh85136346 |
| Form subdivision |
Juvenile fiction. |
| Authority record control number |
http://id.loc.gov/authorities/subjects/sh99001687. |
| 655 #7 - INDEX TERM--GENRE/FORM |
| Genre/form data or focus term |
Fiction. |
| Source of term |
lcgft |
| Authority record control number |
http://id.loc.gov/authorities/genreForms/gf2014026339. |
| 907 ## - LOCAL DATA ELEMENT G, LDG (RLIN) |
| a |
.b281203763 |
| 942 ## - ADDED ENTRY ELEMENTS (KOHA) |
| Koha item type |
Libro/Book |